A lingua espanhola no contexto turismo, hospitalidade e lazer
Saved in:
| Main Authors: | , , |
|---|---|
| Format: | Bog |
| Sprog: | portugisisk |
| Udgivet: |
Florianópolis
IF-SC
2011
|
| Udgivelse: | 1a. ed |
| Fag: | |
| Tags: |
Tilføj Tag
Ingen Tags, Vær først til at tagge denne postø!
|
MARC
| LEADER | 00000cam a2200000 a 4500 | ||
|---|---|---|---|
| 001 | UCF8429 | ||
| 003 | CL-VaPUC | ||
| 008 | 130829e20110000bl |||||||||||||||||por|d | ||
| 020 | |a 9788564426 | ||
| 082 | 0 | 4 | |a 468.07 |b OLI |2 21 |
| 100 | |a Oliveira, Leandra Cristina de |e autor |9 570505 | ||
| 700 | 0 | |a Wildner, Ana Kaciara |e author |9 570506 | |
| 700 | 0 | |a Kulkamp Haeming, Waleria |e author |9 570507 | |
| 245 | 1 | 2 | |a A lingua espanhola no contexto turismo, hospitalidade e lazer |
| 250 | |a 1a. ed | ||
| 300 | |a 129 p | ||
| 942 | |c BK | ||
| 945 | |d 20130829 16:45:00 |a dcastane | ||
| 260 | |a Florianópolis |b IF-SC |c 2011 | ||
| 650 | 0 | |a Español |9 255372 | |
| 650 | 0 | |a Enseñanza del español |9 339826 | |
| 650 | 0 | |a Turismo |9 308920 | |
| 650 | 0 | |a Industria turística |9 347913 | |
| 583 | |a last modification |c 20130829 16:45:00 |k Rodrigo Vera | ||
| 999 | |c 353001 |d 352999 | ||